Stati che iniziano con la G - Statistics

Statistiche generali
  • Questo quiz è stato fatto 227 volte
  • Il punteggio medio è 12 su 16
Statistiche sulle risposte
Superficie (km²) Popolazione (ab.) Stato % Corretto
357 114 84 305 448 Germania
93%
267 668 2 176 766 Gabon
84%
245 857 12 559 623 Guinea
84%
69 700 3 716 858 Georgia
80%
108 889 16 858 333 Guatemala
78%
11 295 2 335 504 Gambia
77%
131 957 10 724 599 Grecia
76%
28 051 1 454 789 Guinea Equatoriale
76%
23 200 976 107 Gibuti
75%
214 969 744 962 Guyana
75%
10 991 2 734 093 Giamaica
74%
377 976 125 426 785 Giappone
73%
36 125 1 624 945 Guinea-Bissau
73%
238 533 30 267 351 Ghana
71%
89 342 10 829 672 Giordania
68%
344 112 519 Grenada
61%
Nessun quiz corrispondente trovato
Distribuzione punteggi
Percentuale di utenti per punteggio
Percentile per numero di risposta
I tuoi punteggi nel tempo
Non hai fatto questo quiz